00402 2200157 4500001002100000008004100021035002000062245004500082100001800127250000600145260004500151084001400196082000800210650001400218990001200232INLIS000000000001188 ind  a0010-0524000423 aStrategiPembelajaran AktifcHisyam Zaini aZaini, Hisyam a1 aYogyakarta :bPustaka Insan Madanic2008 a370 HIS s a370 aNon Fiksi a0713599